Name That Theme Song Quiz Stats

 Plays Quiz Updated Aug 11, 2016

Challenge
Share
Tweet
Score 0/34 Timer 07:00
0 Plays Today
Time TV Show % Correct
0:00The Addams Family
87.2%
0:12The Flintstones
85.7%
1:18The Pink Panther
81.5%
0:05The Big Bang Theory
81.1%
1:38The Simpsons
80%
1:42SpongeBob SquarePants
77.5%
1:07The X-Files
74.5%
0:02American Idol
73.9%
0:08The Brady Bunch
73.7%
1:15Seinfeld
72.9%
1:23Jeopardy!
68.6%
1:02Law & Order
66.1%
0:15Scrubs
63.7%
1:59Two and a Half Men
63.3%
0:26The Office
60.9%
0:29The Price Is Right
60.1%
0:39Saved By the Bell
60%
Time TV Show % Correct
1:54George of the Jungle
59.2%
1:12South Park
55.4%
0:54Bill Nye the Science Guy
53.5%
0:51How I Met Your Mother
48.9%
0:22House, M.D.
41.9%
1:04The Woody Woodpecker Show
40%
1:25The Magic School Bus
38.7%
0:35Survivor
38.3%
1:29Pokémon
30.6%
0:46Inspector Gadget
30%
0:18Weeds
26.6%
1:49Weakest Link
23.8%
0:42The Apprentice
22.8%
1:45Tiny Toon Adventures
22.1%
0:58The Ellen Degeneres Show
21.3%
1:35Pyramid
9.9%
0:32Sex and the City
7.3%

You're not logged in!

Compare scores with friends on all Sporcle quizzes.
Join for Free
OR
Log In

You Might Also Like...

Show Comments

Extras

Top Quizzes Today


Score Distribution

Your Account Isn't Verified!

In order to create a playlist on Sporcle, you need to verify the email address you used during registration. Go to your Sporcle Settings to finish the process.

Report this User

Report this user for behavior that violates our Community Guidelines.

Details: